[Event "Bad Woerishofen op"]
[Site "?"]
[Date "2000.??.??"]
[Round "4"]
[White "Blessing, Tobias"]
[Black "Fries, Elisabeth"]
[Result "1-0"]
[WhiteElo "1740"]
[BlackElo "1417"]
[PlyCount "123"]
[EventDate "2000.??.??"]

1. d4 d5 2. Bg5 c6 3. Nf3 Nf6 4. e3 Bf5 5. Bd3 Bxd3 6. cxd3 e6 7. Nc3 Be7 8.
O-O Nbd7 9. Qe2 O-O 10. Rac1 c5 11. dxc5 Nxc5 12. Rc2 a6 13. Rfc1 Nfd7 14. Bxe7
Qxe7 15. b4 Nxd3 16. Qxd3 Qxb4 17. Ne2 Rfd8 18. Nd2 Ne5 19. Qc3 Qxc3 20. Rxc3
b5 21. Nd4 Kf8 22. Nc6 Nxc6 23. Rxc6 Ke7 24. Nf3 Rd6 25. Rc7+ Rd7 26. Rxd7+
Kxd7 27. Kf1 f6 28. Ke2 Kd6 29. Nd2 Ra7 30. Kd3 e5 31. h4 Rc7 32. Rxc7 Kxc7 33.
Kc2 a5 34. f4 Kc6 35. Nf3 b4 36. Kb3 exf4 37. Nd4+ Kd6 38. exf4 Kc5 39. Nf3 d4
40. Ka4 Kc4 41. Kxa5 d3 42. Ka4 Kc3 43. f5 Kc4 44. g4 Kc3 45. g5 Kc4 46. Nd2+
Kc3 47. Nb3 Kc4 48. Ka5 Kc3 49. Kb5 Kb2 50. Kxb4 Kxa2 51. Kc3 Ka3 52. Nd4 d2
53. Kxd2 Kb4 54. Kd3 Kc5 55. Ke4 Kd6 56. gxf6 gxf6 57. Nb5+ Kc5 58. Nc7 Kd6 59.
Ne8+ Ke7 60. Ng7 Kd6 61. Nh5 Ke7 62. Kd5 1-0

[Event "Bad Woerishofen op"]
[Site "?"]
[Date "2000.??.??"]
[Round "5"]
[White "Blessing, Tobias"]
[Black "Fuess, Marcus"]
[Result "1/2-1/2"]
[WhiteElo "1740"]
[BlackElo "1988"]
[PlyCount "42"]
[EventDate "2000.??.??"]

1. d4 g6 2. e4 Bg7 3. Nc3 d6 4. Be3 Nd7 5. Nf3 e5 6. dxe5 Nxe5 7. Nxe5 Bxe5 8.
Bd4 Be6 9. f4 Bxd4 10. Qxd4 Qf6 11. Qxf6 Nxf6 12. Bd3 O-O-O 13. O-O-O h5 14. a3
h4 15. h3 Nh5 16. Ne2 Rde8 17. Rde1 Rhg8 18. Rhg1 a6 19. Kd2 c5 20. c4 Bd7 21.
Rgf1 Bc6 1/2-1/2

[Event "Bad Woerishofen op"]
[Site "?"]
[Date "2000.??.??"]
[Round "7"]
[White "Blessing, Tobias"]
[Black "Dubois, Martine"]
[Result "0-1"]
[WhiteElo "1740"]
[BlackElo "2093"]
[PlyCount "58"]
[EventDate "2000.??.??"]

1. d4 d5 2. Bg5 Qd6 3. Qd2 f6 4. Bh4 Bf5 5. e3 e5 6. Nc3 c6 7. Bg3 Qe6 8. Nge2
Nd7 9. dxe5 fxe5 10. Nc1 d4 11. Nd1 Ngf6 12. f3 Bd6 13. e4 Bg6 14. b3 Qe7 15.
Nd3 O-O 16. N1f2 Nh5 17. Ng4 Nxg3 18. hxg3 Nc5 19. Ngf2 Ne6 20. Ng4 Ng5 21.
O-O-O Bxe4 22. fxe4 Nxe4 23. Qe1 Nc3 24. Ngf2 Ba3+ 25. Nb2 Nxa2+ 26. Kb1 Nc3+
27. Kc1 Rxf2 28. Bc4+ Rf7 29. Rxd4 exd4 0-1

[Event "Bad Woerishofen op"]
[Site "Bad Woerishofen"]
[Date "2000.??.??"]
[Round "1"]
[White "Born, Bernd-Ludger"]
[Black "Mainka, Romuald"]
[Result "0-1"]
[WhiteElo "2056"]
[BlackElo "2478"]
[PlyCount "70"]
[EventDate "1998.03.05"]
[Source "ChessBase"]
[SourceDate "1998.04.29"]

1. c4 e5 2. Nc3 d6 3. g3 f5 4. e3 Nf6 5. d4 Be7 6. Nge2 O-O 7. Bg2 Na6 8. O-O
c6 9. a3 Nc7 10. b3 e4 11. d5 Bd7 12. dxc6 bxc6 13. f3 d5 14. cxd5 cxd5 15. Nd4
Qe8 16. f4 Rb8 17. Bh3 g6 18. Rf2 Bc5 19. Nce2 Qe7 20. b4 Bd6 21. Nc3 Rfc8 22.
Rc2 Nce8 23. Nb3 Qf7 24. Bb2 Bc7 25. Rac1 Bb6 26. Nd4 Nd6 27. Bf1 Nc4 28. Bxc4
Rxc4 29. Nxd5 Nxd5 30. Rxc4 Nxe3 31. Qe2 Nxc4 32. Qxc4 Qxc4 33. Rxc4 Bb5 34.
Rc1 Rd8 35. Rd1 Bd3 0-1

[Event "Bad Woerishofen op"]
[Site "?"]
[Date "2000.??.??"]
[Round "3"]
[White "Born, Bernd-Ludger"]
[Black "Schaffarth, Marianne"]
[Result "1-0"]
[WhiteElo "2056"]
[BlackElo "1710"]
[PlyCount "59"]
[EventDate "2000.??.??"]

1. c4 Nf6 2. Nc3 d5 3. d4 g6 4. Bg5 Ne4 5. Nxe4 dxe4 6. e3 c5 7. Qd2 Bg7 8. Ne2
Nc6 9. d5 Ne5 10. Nc3 Bf5 11. Be2 Qd7 12. h3 h5 13. Bf4 Bf6 14. Bg3 Bg7 15.
O-O-O O-O-O 16. Qc2 Qc7 17. Nxe4 Qa5 18. Bxe5 Bxe5 19. Kb1 Qb6 20. Bd3 Kb8 21.
Nc3 Bxd3 22. Rxd3 e6 23. f4 Bg7 24. e4 h4 25. e5 Bh6 26. Rf1 Ka8 27. Ne4 Kb8
28. Qf2 Bf8 29. Rfd1 Be7 30. d6 1-0

[Event "Bad Woerishofen op"]
[Site "?"]
[Date "2000.??.??"]
[Round "6"]
[White "Born, Bernd-Ludger"]
[Black "Vettel, Matthias"]
[Result "0-1"]
[WhiteElo "2056"]
[BlackElo "2206"]
[PlyCount "66"]
[EventDate "2000.??.??"]

1. c4 e5 2. Nc3 Nf6 3. g3 Bb4 4. Bg2 O-O 5. Qc2 Re8 6. e3 c6 7. Nge2 d5 8. cxd5
cxd5 9. d4 exd4 10. Nxd4 Nc6 11. Nxc6 bxc6 12. O-O Bg4 13. a3 Bf8 14. Bd2 Qd7
15. Rfc1 Rac8 16. b4 Bh3 17. Na4 Bxg2 18. Kxg2 Ne4 19. Qd3 Re6 20. f3 Rh6 21.
g4 Bd6 22. Rh1 Re8 23. Qe2 Nxd2 24. Qxd2 f5 25. g5 Rhe6 26. Rae1 Qc7 27. h4 f4
28. e4 dxe4 29. fxe4 Rxe4 30. Kf2 Re3 31. Nc3 Be5 32. Rxe3 fxe3+ 33. Qxe3 Bxc3
0-1

[Event "Bad Woerishofen op"]
[Site "?"]
[Date "2000.??.??"]
[Round "8"]
[White "Born, Bernd-Ludger"]
[Black "Ter, Georg"]
[Result "1/2-1/2"]
[WhiteElo "2056"]
[BlackElo "1565"]
[PlyCount "58"]
[EventDate "2000.??.??"]

1. c4 Nf6 2. Nc3 e6 3. d4 Bb4 4. Qc2 c5 5. dxc5 Bxc5 6. Nf3 O-O 7. g3 b6 8. Bg2
Bb7 9. O-O d5 10. cxd5 Nxd5 11. Ng5 g6 12. Nxd5 Bxd5 13. Rd1 Qc7 14. e4 Bc6 15.
b3 e5 16. Bb2 Qe7 17. Nf3 f6 18. Rac1 Bb7 19. h4 Nc6 20. a3 Bxa3 21. Bxa3 Qxa3
22. Rd7 Rac8 23. Qd2 Nd4 24. Rcc7 Rxc7 25. Rxc7 Qd6 26. Nxd4 Qxc7 27. Ne6 Qe7
28. Nxf8 Kxf8 29. Qd3 Kg7 1/2-1/2

[Event "Bad Woerishofen op"]
[Site "?"]
[Date "2000.??.??"]
[Round "2"]
[White "Braun, Erhard"]
[Black "Rostek, Bettina"]
[Result "0-1"]
[WhiteElo "1906"]
[BlackElo "1582"]
[PlyCount "80"]
[EventDate "2000.??.??"]

1. e4 e5 2. Nf3 d6 3. Bc4 Be7 4. O-O Nf6 5. d3 Bg4 6. Nbd2 O-O 7. h3 Bh5 8. a3
Nc6 9. c3 a6 10. g4 Nxg4 11. hxg4 Bxg4 12. Qe1 Kh8 13. Kg2 f5 14. Rh1 Bg5 15.
Nxg5 Qxg5 16. Kf1 Rf6 17. Nf3 Qg6 18. Nh4 Qh5 19. Kg1 f4 20. Qf1 Bf3 21. Rh3
Qg5+ 22. Kh2 Bg4 23. Nf3 Qg6 24. Qg2 Bxh3 25. Qxh3 Qe8 26. Ng5 Qg6 27. Qh4 Raf8
28. Bd2 h6 29. Rg1 Qe8 30. Qh3 Nd8 31. Rg4 Qd7 32. Rh4 Qxh3+ 33. Rxh3 Rg6 34.
Nf3 Rff6 35. Nh4 Rg4 36. Nf5 Rfg6 37. Nh4 R6g5 38. f3 Rg1 39. Bb3 Rb1 40. c4
Rxb2 0-1

[Event "Bad Woerishofen op"]
[Site "?"]
[Date "2000.??.??"]
[Round "4"]
[White "Braun, Erhard"]
[Black "Wassem, Michael"]
[Result "1-0"]
[WhiteElo "1905"]
[BlackElo "1258"]
[PlyCount "39"]
[EventDate "2000.??.??"]

1. e4 e6 2. d3 b6 3. g3 Bb7 4. Bg2 c5 5. Nh3 h6 6. O-O Nc6 7. f4 Nge7 8. Nc3 d5
9. f5 dxe4 10. fxe6 Qd4+ 11. Kh1 Ne5 12. Nb5 Qd8 13. Qh5 N7g6 14. exf7+ Kd7 15.
Qf5+ Ke7 16. Nf4 Nxf4 17. Bxf4 Nf3 18. Bxf3 Bc8 19. Qxe4+ Be6 20. Rae1 1-0

[Event "Bad Woerishofen op"]
[Site "?"]
[Date "2000.??.??"]
[Round "6"]
[White "Braun, Erhard"]
[Black "Haecker, Roland"]
[Result "1/2-1/2"]
[WhiteElo "1908"]
[BlackElo "1689"]
[PlyCount "40"]
[EventDate "2000.??.??"]

1. d4 d5 2. e4 dxe4 3. f3 e5 4. d5 Nf6 5. fxe4 Nxe4 6. Qf3 Nf6 7. Bc4 c6 8. Bg5
Be7 9. Nc3 O-O 10. Bxf6 Bxf6 11. O-O-O Bg5+ 12. Kb1 Qf6 13. Qe2 Qf4 14. Nf3 Bg4
15. Ne4 Bxf3 16. gxf3 Bh6 17. h4 cxd5 18. Bxd5 Nc6 19. Qg2 Rad8 20. Ng5 Nd4
1/2-1/2

[Event "Bad Woerishofen op"]
[Site "?"]
[Date "2000.??.??"]
[Round "8"]
[White "Braun, Erhard"]
[Black "Maugg, Ludwig"]
[Result "1/2-1/2"]
[WhiteElo "1908"]
[BlackElo "2148"]
[PlyCount "39"]
[EventDate "2000.??.??"]

1. Nf3 Nf6 2. g3 g6 3. Bg2 Bg7 4. O-O d6 5. d4 O-O 6. a4 a5 7. Bg5 h6 8. Bxf6
Bxf6 9. c4 Nd7 10. Nc3 e5 11. dxe5 dxe5 12. Qd2 Bg7 13. Rfd1 Re8 14. Nb5 c6 15.
Nd6 Re7 16. Ra3 Nf8 17. c5 Be6 18. b4 axb4 19. Qxb4 Qa5 20. Rb1 1/2-1/2

[Event "Bad Woerishofen op"]
[Site "Bad Woerishofen"]
[Date "2000.??.??"]
[Round "1"]
[White "Braun, Peter"]
[Black "Sepp, Lothar"]
[Result "1-0"]
[WhiteElo "2268"]
[BlackElo "1877"]
[PlyCount "69"]
[EventDate "1998.03.05"]
[Source "ChessBase"]
[SourceDate "1998.04.29"]

1. d4 d5 2. c4 e6 3. Nc3 Nf6 4. cxd5 exd5 5. Bg5 Nbd7 6. e3 c6 7. Bd3 Be7 8.
Qc2 O-O 9. Nf3 Re8 10. O-O Ne4 11. Bxe4 dxe4 12. Nxe4 Nf6 13. Ned2 Nd5 14. Bxe7
Qxe7 15. Rac1 Bg4 16. Ne5 Bh5 17. Qf5 f6 18. Qxh5 fxe5 19. dxe5 Qxe5 20. Qxe5
Rxe5 21. a3 Nf6 22. Rfd1 Rd8 23. Nf3 Red5 24. Rxd5 Rxd5 25. Kf1 Kf7 26. Ke2 a5
27. Nd4 Ke7 28. f3 Kd6 29. Rd1 Ke7 30. e4 Rg5 31. Nf5+ Kf8 32. g3 g6 33. h4
gxf5 34. hxg5 Nh5 35. Kf2 1-0

[Event "Bad Woerishofen op"]
[Site "?"]
[Date "2000.??.??"]
[Round "3"]
[White "Braun, Peter"]
[Black "Miezis, Normunds"]
[Result "0-1"]
[WhiteElo "2268"]
[BlackElo "2486"]
[PlyCount "78"]
[EventDate "2000.??.??"]

1. d4 Nf6 2. c4 c5 3. d5 e6 4. Nc3 exd5 5. cxd5 Bd6 6. Bg5 Bc7 7. Nf3 d6 8. e3
O-O 9. Be2 Re8 10. O-O a6 11. a4 Nbd7 12. Qc2 h6 13. Bh4 Ba5 14. Rfd1 Rb8 15.
Rab1 Nf8 16. Nd2 Ng6 17. Bg3 Bg4 18. Bxg4 Nxg4 19. Nc4 N4e5 20. Bxe5 Nxe5 21.
Nxa5 Qxa5 22. Ne4 Rbd8 23. b4 cxb4 24. Qb3 Rd7 25. Qxb4 Qd8 26. Ng3 Rc7 27. Nf5
Rd7 28. Ng3 g6 29. h3 Rc7 30. Qf4 Kh7 31. Rd4 Qe7 32. h4 Rf8 33. h5 Kg7 34. Kh2
Rd8 35. Rb6 Rc2 36. Rdb4 Rd7 37. hxg6 fxg6 38. Rb2 Rc4 39. Ne4 Nd3 0-1

[Event "Bad Woerishofen op"]
[Site "?"]
[Date "2000.??.??"]
[Round "5"]
[White "Braun, Peter"]
[Black "Baeuml, Ulrich"]
[Result "1/2-1/2"]
[WhiteElo "2268"]
[BlackElo "2082"]
[PlyCount "44"]
[EventDate "2000.??.??"]

1. d4 Nf6 2. c4 c5 3. Nf3 cxd4 4. Nxd4 e5 5. Nb5 d5 6. cxd5 Bc5 7. N5c3 O-O 8.
e3 a6 9. Be2 e4 10. a3 Bf5 11. b4 Bd6 12. Bb2 Qe7 13. Nd2 b5 14. Nb3 Rd8 15.
Nd4 Bg6 16. Qb3 Ra7 17. Rd1 h5 18. h3 Nfd7 19. Nc6 Nxc6 20. dxc6 Ne5 21. Nd5
Qg5 22. Kf1 Nxc6 1/2-1/2

[Event "Bad Woerishofen op"]
[Site "?"]
[Date "2000.??.??"]
[Round "7"]
[White "Braun, Peter"]
[Black "Goy, Udo"]
[Result "1-0"]
[WhiteElo "2268"]
[BlackElo "2150"]
[PlyCount "69"]
[EventDate "2000.??.??"]

1. d4 e6 2. Nf3 Nf6 3. c4 c5 4. Nc3 d5 5. cxd5 Nxd5 6. e4 Nxc3 7. bxc3 Be7 8.
Bd3 Nc6 9. O-O b6 10. Re1 Kf8 11. Bb5 Bd7 12. d5 exd5 13. exd5 Na5 14. Bxd7
Qxd7 15. Ne5 Qc7 16. Bf4 Bd6 17. Qg4 Rd8 18. Re4 h6 19. Rae1 Kg8 20. h4 Nb7 21.
h5 Qc8 22. Qf3 Qf5 23. Nc6 Rf8 24. Ne7+ Bxe7 25. Rxe7 Na5 26. d6 Rd8 27. Rxa7
Kh7 28. Ree7 Rhf8 29. d7 Qf6 30. Qe4+ g6 31. hxg6+ Qxg6 32. Qxg6+ Kxg6 33. Bc7
Nc6 34. Bxd8 Nxa7 35. Re8 1-0

[Event "Bad Woerishofen op"]
[Site "?"]
[Date "2000.??.??"]
[Round "9"]
[White "Braun, Peter"]
[Black "Vatter, Hans-Joachim"]
[Result "1-0"]
[WhiteElo "2268"]
[BlackElo "2362"]
[PlyCount "91"]
[EventDate "2000.??.??"]

1. d4 d6 2. c4 e5 3. Nf3 Nd7 4. Nc3 Ngf6 5. e4 Be7 6. Be2 O-O 7. O-O c6 8. Re1
a6 9. Bf1 h6 10. h3 Re8 11. a3 b5 12. d5 bxc4 13. dxc6 Nb8 14. Qa4 Qb6 15. Nd5
Qxc6 16. Qxc6 Nxc6 17. Nc7 Be6 18. Nxa8 Rxa8 19. Bd2 Bd8 20. Rad1 Bc7 21. Bc3
Nd7 22. Nd2 Nb6 23. Rc1 a5 24. b3 cxb3 25. Ba1 Bd7 26. Bb5 Nd4 27. Bxd7 Nxd7
28. Rxc7 Nc5 29. Bxd4 exd4 30. Nc4 Na4 31. Rb7 Rc8 32. Nb6 Nxb6 33. Rxb6 a4 34.
Rb4 d3 35. Rd1 Rc3 36. Kf1 Rc2 37. Rxd3 Ra2 38. Rxa4 b2 39. Rb4 Ra1+ 40. Ke2
b1=Q 41. Rxb1 Rxb1 42. Rxd6 Rb3 43. Rd3 Rb2+ 44. Rd2 Rb7 45. Ra2 Kf8 46. a4 1-0

[Event "Bad Woerishofen op"]
[Site "Bad Woerishofen"]
[Date "2000.??.??"]
[Round "1"]
[White "Breder, Dennis"]
[Black "Krotofil, Kurt"]
[Result "1-0"]
[WhiteElo "2303"]
[BlackElo "1923"]
[PlyCount "75"]
[EventDate "1998.03.05"]
[Source "ChessBase"]
[SourceDate "1998.04.29"]

1. e4 c5 2. Nf3 Nc6 3. Bb5 g6 4. O-O Bg7 5. c3 Nf6 6. Re1 Qb6 7. Na3 O-O 8. e5
Nd5 9. Bc4 e6 10. Bf1 a6 11. Nc4 Qc7 12. a4 b6 13. d4 cxd4 14. cxd4 Ncb4 15.
Bd2 Bb7 16. Qb3 a5 17. Rac1 Bc6 18. Ng5 f6 19. exf6 Bxf6 20. Ne5 Qd8 21. Bxb4
Nxb4 22. Ne4 Bg7 23. Bb5 Bd5 24. Qe3 Ra7 25. Nd6 Qh4 26. g3 Qh3 27. Bf1 Qh5 28.
Nc8 Bb7 29. Nxa7 Bh6 30. Qe2 Qxe2 31. Bxe2 Bxc1 32. Rxc1 d6 33. Nd3 Nd5 34. Nb5
Rd8 35. f4 Ne3 36. Kf2 Nf5 37. g4 Ne7 38. Rc7 1-0

[Event "Bad Woerishofen op"]
[Site "?"]
[Date "2000.??.??"]
[Round "3"]
[White "Breder, Dennis"]
[Black "Gyimesi, Zoltan"]
[Result "0-1"]
[WhiteElo "2303"]
[BlackElo "2518"]
[PlyCount "82"]
[EventDate "2000.??.??"]

1. e4 c6 2. d4 d5 3. exd5 cxd5 4. Bd3 Nc6 5. c3 g6 6. Nf3 Nh6 7. O-O Bf5 8. Be2
Bg7 9. Bf4 O-O 10. Qc1 Ng4 11. h3 Nf6 12. Qd1 Ne4 13. Nbd2 Qd7 14. Re1 Rad8 15.
Nf1 Rfe8 16. Ne3 Be6 17. a4 h6 18. Bh2 Kh7 19. a5 a6 20. Qb3 f6 21. Qb6 Bf7 22.
Rad1 e6 23. c4 Rc8 24. c5 Bf8 25. Bd3 Be7 26. Bxe4 dxe4 27. Ne5 fxe5 28. dxe5
Qc7 29. Nc4 Qxb6 30. cxb6 Rcd8 31. Nd6 Bxd6 32. exd6 e5 33. b4 Re6 34. d7 Re7
35. Rd6 Nxb4 36. Rxe4 Nc6 37. Rxc6 bxc6 38. Bxe5 Rdxd7 39. f4 Rd5 40. Rb4 Rb5
41. Rd4 Bd5 0-1

[Event "Bad Woerishofen op"]
[Site "?"]
[Date "2000.??.??"]
[Round "5"]
[White "Breder, Dennis"]
[Black "Clasen, Sven-Olaf"]
[Result "1-0"]
[WhiteElo "2305"]
[BlackElo "2094"]
[PlyCount "51"]
[EventDate "2000.??.??"]

1. e4 e6 2. d4 d5 3. Nd2 c5 4. Ngf3 Nf6 5. exd5 exd5 6. Bb5+ Bd7 7. Bxd7+ Nbxd7
8. O-O Be7 9. dxc5 Nxc5 10. Nd4 Nfe4 11. N2b3 O-O 12. f3 Nxb3 13. axb3 Nc5 14.
Be3 Ne6 15. Qd3 Re8 16. c3 a6 17. Rad1 Nc5 18. Qd2 Bd6 19. b4 Qh4 20. g3 Bxg3
21. hxg3 Qxg3+ 22. Qg2 Qe5 23. Qg5 f5 24. bxc5 Rf8 25. Bf4 Qe8 26. Rfe1 1-0

[Event "Bad Woerishofen op"]
[Site "?"]
[Date "2000.??.??"]
[Round "7"]
[White "Breder, Dennis"]
[Black "Straub, Peter"]
[Result "1-0"]
[WhiteElo "2305"]
[BlackElo "2126"]
[PlyCount "58"]
[EventDate "2000.??.??"]

1. e4 c5 2. Nf3 Nc6 3. Bb5 g6 4. O-O Bg7 5. c3 Nf6 6. Re1 a6 7. Bf1 d6 8. h3 e5
9. d4 O-O 10. d5 Ne7 11. a4 b6 12. Na3 Rb8 13. b4 Nh5 14. Rb1 Qc7 15. Qb3 Ra8
16. bxc5 bxc5 17. Qb6 Qd7 18. Nc4 Rd8 19. Be3 Nf4 20. Qa5 Bb7 21. Nxd6 Bxd5 22.
exd5 Qxd6 23. c4 Rdc8 24. Ng5 f5 25. Bxf4 exf4 26. Rb7 Re8 27. Re6 Qd8 28. Qxc5
h6 29. Nf3 Nc8 1-0

[Event "Bad Woerishofen op"]
[Site "?"]
[Date "2000.??.??"]
[Round "9"]
[White "Breder, Dennis"]
[Black "Keller, Manfred"]
[Result "1-0"]
[WhiteElo "2305"]
[BlackElo "2205"]
[PlyCount "87"]
[EventDate "2000.??.??"]

1. e4 e5 2. Bc4 Nf6 3. d3 Nc6 4. Nc3 Bc5 5. Bg5 h6 6. Bh4 d6 7. Na4 Bb6 8. Nxb6
axb6 9. f3 Be6 10. Ne2 g5 11. Bf2 d5 12. exd5 Nxd5 13. O-O Qd6 14. Bb5 O-O-O
15. a4 Nf4 16. Nc3 g4 17. fxg4 Rhg8 18. Bg3 Rxg4 19. Bxf4 exf4 20. Bxc6 Qxc6
21. Qf3 Qc5+ 22. Rf2 Rdg8 23. Kh1 Bd7 24. Nb5 Kb8 25. d4 Qb4 26. b3 Bxb5 27.
axb5 Qxd4 28. c3 Qe3 29. Rfa2 c6 30. bxc6 Qxf3 31. gxf3 R4g7 32. Ra8+ Kc7 33.
cxb7 Kxb7 34. R1a7+ Kc6 35. Rxg8 Rxg8 36. Rxf7 Re8 37. Rxf4 Re3 38. Rc4+ Kd5
39. Kg2 Re2+ 40. Kg3 Rb2 41. Rb4 Rc2 42. Rxb6 Rxc3 43. b4 Rc4 44. b5 1-0

[Event "Bad Woerishofen op"]
[Site "?"]
[Date "2000.??.??"]
[Round "2"]
[White "Bretscher, Robert"]
[Black "Moehle, Friedrich"]
[Result "0-1"]
[WhiteElo "1625"]
[BlackElo "1896"]
[PlyCount "56"]
[EventDate "2000.??.??"]

1. e4 c5 2. Nf3 Nc6 3. d4 cxd4 4. Nxd4 e6 5. Be2 Bc5 6. Nb3 Bb6 7. O-O Qh4 8.
Nc3 a6 9. Nd2 Nd4 10. Bd3 Bc7 11. h3 Qf4 12. g3 Qf6 13. Ne2 b5 14. Nxd4 Qxd4
15. Nf3 Qc5 16. Be3 Qe7 17. Bg5 f6 18. Be3 Bb7 19. Nh4 Qf7 20. Qg4 g5 21. Ng2
Ne7 22. Rae1 Nc6 23. Qe2 Rg8 24. Bd2 h5 25. Ne3 g4 26. h4 Nd4 27. Qd1 Nf3+ 28.
Kg2 f5 0-1

[Event "Bad Woerishofen op"]
[Site "?"]
[Date "2000.??.??"]
[Round "4"]
[White "Bretscher, Robert"]
[Black "Vonach, Bernhard"]
[Result "0-1"]
[WhiteElo "1625"]
[BlackElo "1740"]
[PlyCount "80"]
[EventDate "2000.??.??"]

1. e4 e5 2. Bc4 Nf6 3. Nf3 Nc6 4. Nc3 Nxe4 5. Bxf7+ Kxf7 6. Nxe4 d5 7. Ng3 e4
8. Ng1 g6 9. d3 exd3 10. Qxd3 Qe7+ 11. N1e2 Nb4 12. Qd1 c6 13. c3 Na6 14. O-O
Bg7 15. Nd4 Re8 16. Nf3 Bg4 17. h3 Bxf3 18. Qxf3+ Qf6 19. Qd1 Nc5 20. Be3 b6
21. Qc1 Qe6 22. Qd1 Ne4 23. Ne2 Kg8 24. Nd4 Qd7 25. Re1 c5 26. Nf3 Nxc3 27. Qb3
Ne4 28. Rad1 c4 29. Qc2 Qf7 30. Nd4 Nc5 31. Re2 Nd3 32. b3 Rad8 33. h4 Re4 34.
Nf3 h6 35. bxc4 dxc4 36. Bc1 Rxe2 37. Qxe2 Re8 38. Qd2 Qd5 39. Ba3 b5 40. Kh1
Nxf2+ 0-1

[Event "Bad Woerishofen op"]
[Site "?"]
[Date "2000.??.??"]
[Round "6"]
[White "Bretscher, Robert"]
[Black "Wassem, Michael"]
[Result "1/2-1/2"]
[WhiteElo "1625"]
[BlackElo "1258"]
[PlyCount "56"]
[EventDate "2000.??.??"]

1. e4 e6 2. d4 b6 3. Nf3 Bb7 4. Bd3 d5 5. e5 c5 6. c3 c4 7. Bc2 b5 8. a3 Nc6 9.
Bf4 Be7 10. O-O a5 11. Nbd2 Qc7 12. Re1 Bd8 13. Nf1 Nge7 14. Ng3 Ng6 15. Bd2 b4
16. axb4 axb4 17. Rxa8 Bxa8 18. Qa1 Bb7 19. Nh5 Rg8 20. Nf4 b3 21. Bd1 Nce7 22.
Ng5 Nxf4 23. Bxf4 Ng6 24. Be3 Bxg5 25. Bxg5 h6 26. Bd2 Kd7 27. Bh5 Nh8 28. Qa4+
Qc6 1/2-1/2

[Event "Bad Woerishofen op"]
[Site "?"]
[Date "2000.??.??"]
[Round "8"]
[White "Bretscher, Robert"]
[Black "Steinhard, Mathias"]
[Result "0-1"]
[WhiteElo "1625"]
[BlackElo "1800"]
[PlyCount "67"]
[EventDate "2000.??.??"]

1. e4 e5 2. Bc4 Nf6 3. Nf3 Nc6 4. Nc3 Nxe4 5. Bxf7+ Kxf7 6. Nxe4 d5 7. Ng3 e4
8. Ng1 h5 9. Nxh5 Qh4 10. Ng3 Bc5 11. d3 exd3 12. Qxd3 Re8+ 13. N1e2 Be6 14.
Bd2 Nd4 15. O-O-O Nxe2+ 16. Nxe2 Kg8 17. g3 Qa4 18. a3 Bxf2 19. Be3 Bxe3+ 20.
Qxe3 Bg4 21. Qg5 Rxe2 22. Qxd5+ Be6 23. Qd3 Qe4 24. Qc3 Qe3+ 25. Kb1 Qxc3 26.
bxc3 Bf5 27. Ka1 Rxc2 28. h3 Re8 29. g4 Be6 30. Rhe1 Rxc3 31. Rd2 Bf7 32. Red1
Rxa3+ 33. Kb2 Ra2+ 34. Kc1 0-1

[Event "Bad Woerishofen op"]
[Site "?"]
[Date "2000.??.??"]
[Round "2"]
[White "Brueckner, Wolfgang"]
[Black "Pruess, Martin"]
[Result "0-1"]
[WhiteElo "1536"]
[BlackElo "1870"]
[PlyCount "60"]
[EventDate "2000.??.??"]

1. e4 g6 2. Nf3 Bg7 3. d4 d6 4. Bd3 c5 5. dxc5 Qa5+ 6. Nbd2 Qxc5 7. O-O Nc6 8.
Nb3 Qb6 9. Be3 Qc7 10. c3 Nf6 11. h3 O-O 12. Qc2 Nd7 13. Qc1 Nde5 14. Nxe5 Nxe5
15. Be2 f5 16. exf5 gxf5 17. Bh6 Ng6 18. Bxg7 Kxg7 19. f4 e5 20. fxe5 dxe5 21.
Bh5 Nf4 22. Rxf4 exf4 23. Nd4 Qe5 24. Qc2 Be6 25. Nf3 Qe4 26. Qd1 Rad8 27. Qf1
Bc4 28. Qe1 Qxe1+ 29. Rxe1 Kh6 30. g4 fxg3 0-1

[Event "Bad Woerishofen op"]
[Site "?"]
[Date "2000.??.??"]
[Round "4"]
[White "Brueckner, Wolfgang"]
[Black "Lecheler, Rudolf"]
[Result "1/2-1/2"]
[WhiteElo "1536"]
[BlackElo "1721"]
[PlyCount "55"]
[EventDate "2000.??.??"]

1. e4 e6 2. d4 d5 3. e5 c5 4. c3 Nc6 5. Nf3 Bd7 6. Be2 Nge7 7. Na3 a6 8. Nc2
Ng6 9. O-O Be7 10. a3 O-O 11. b4 cxd4 12. cxd4 f6 13. b5 axb5 14. Bxb5 fxe5 15.
dxe5 Ncxe5 16. Bxd7 Nxf3+ 17. gxf3 Qxd7 18. Re1 Rad8 19. Qe2 e5 20. Ne3 Nf4 21.
Qf1 Nh3+ 22. Kg2 e4 23. Nxd5 exf3+ 24. Kh1 Bh4 25. Be3 Nxf2+ 26. Bxf2 Qxd5 27.
Rad1 Qc6 28. Rc1 1/2-1/2

[Event "Bad Woerishofen op"]
[Site "?"]
[Date "2000.??.??"]
[Round "6"]
[White "Brueckner, Wolfgang"]
[Black "Illig, Ursula"]
[Result "0-1"]
[WhiteElo "1536"]
[BlackElo "1750"]
[PlyCount "100"]
[EventDate "2000.??.??"]

1. e4 d6 2. d4 g6 3. c3 Bg7 4. Be3 Nf6 5. Nd2 O-O 6. Be2 Nbd7 7. h3 c5 8. Ngf3
cxd4 9. cxd4 h6 10. O-O e6 11. Bd3 e5 12. Nc4 exd4 13. Bxd4 Nc5 14. Qc2 Nxd3
15. Qxd3 d5 16. exd5 Qxd5 17. Ne3 Qh5 18. Rad1 Bxh3 19. gxh3 Qxf3 20. Ng4 Qxd3
21. Rxd3 Nh5 22. Bxg7 Kxg7 23. Rd7 b5 24. Rc1 Nf6 25. Rb7 Rfb8 26. Rcc7 Rxb7
27. Rxb7 Nxg4 28. hxg4 a6 29. Kg2 Re8 30. Kf3 Kf6 31. Ra7 Re6 32. b3 b4 33. Rc7
a5 34. Rc5 Re5 35. Rc6+ Kg7 36. Rc2 h5 37. Kf4 Rd5 38. Kg3 hxg4 39. Kxg4 Kh6
40. f3 f5+ 41. Kg3 g5 42. Rc6+ Kh5 43. Rc2 f4+ 44. Kh3 Rd3 45. Kg2 Kh4 46. Rf2
g4 47. fxg4 Kxg4 48. Kf1 Rf3 49. Ke2 Rxf2+ 50. Kxf2 f3 0-1

[Event "Bad Woerishofen op"]
[Site "?"]
[Date "2000.??.??"]
[Round "8"]
[White "Brueckner, Wolfgang"]
[Black "Muenchhalfen, Harald"]
[Result "1/2-1/2"]
[WhiteElo "1536"]
[BlackElo "1480"]
[PlyCount "37"]
[EventDate "2000.??.??"]

1. e4 e6 2. Nf3 d5 3. exd5 exd5 4. d3 Nf6 5. Be2 Be7 6. h3 O-O 7. O-O Be6 8.
Nbd2 c6 9. Re1 Qc7 10. Nd4 Bc8 11. Nf1 Nbd7 12. Nf5 Re8 13. N1g3 Bf8 14. Bg5 g6
15. Nh4 Bg7 16. Bf1 b6 17. Qd2 Bb7 18. c3 Rec8 19. Bf4 1/2-1/2

[Event "Bad Woerishofen op"]
[Site "Bad Woerishofen"]
[Date "2000.??.??"]
[Round "1"]
[White "Bruns, Michael"]
[Black "Laux, Dieter"]
[Result "1-0"]
[WhiteElo "2105"]
[BlackElo "1423"]
[PlyCount "55"]
[EventDate "1998.03.05"]
[Source "ChessBase"]
[SourceDate "1998.04.29"]

1. Nf3 d5 2. g3 Nf6 3. Bg2 e6 4. O-O Nbd7 5. d3 h6 6. Nbd2 a5 7. e4 dxe4 8.
dxe4 a4 9. e5 Nd5 10. Qe2 a3 11. c4 N5b6 12. b3 Bb4 13. Ne4 Nc5 14. Rd1 Qxd1+
15. Qxd1 Nxe4 16. Nd4 Bc3 17. Rb1 Nc5 18. Nb5 Bxe5 19. f4 c6 20. Nd6+ Bxd6 21.
Qxd6 Nbd7 22. Be3 Na6 23. Rd1 c5 24. Bxb7 Ra7 25. Bxc8 Nab8 26. Bxc5 Kd8 27.
Bxd7 Rxd7 28. Qxb8# 1-0

[Event "Bad Woerishofen op"]
[Site "?"]
[Date "2000.??.??"]
[Round "3"]
[White "Bruns, Michael"]
[Black "Schoenstein, Thomas"]
[Result "1-0"]
[WhiteElo "2105"]
[BlackElo "1750"]
[PlyCount "59"]
[EventDate "2000.??.??"]

1. Nf3 Nf6 2. g3 d5 3. Bg2 c6 4. O-O Nbd7 5. d3 e5 6. e4 dxe4 7. dxe4 Qc7 8.
Nbd2 Bc5 9. c3 O-O 10. Qc2 Nb6 11. b4 Bd6 12. Rb1 c5 13. b5 Bd7 14. Rd1 Nh5 15.
a4 a5 16. Ra1 f5 17. exf5 Bxf5 18. Ne4 Nf6 19. Qa2+ c4 20. Nxd6 Rad8 21. Ba3
Nbd5 22. Nxf5 Nxc3 23. Rxd8 Rxd8 24. Qc2 Nfe4 25. Re1 Qf7 26. Ne7+ Kh8 27. Nxe5
Qf6 28. Rxe4 Rd1+ 29. Qxd1 Nxd1 30. Rf4 1-0